Proceedings of the International Congress of Mathematicians : 15-22 August 1962.

Guardado en:
Autor Corporativo: International Congress of Mathematicians Estocolmo, Suecia)
Formato: Libro
Idioma:Multiple
Publicado: Djursholm, Sweden : Institut Mittag-Leffler, [1963]
Etiquetas: Agregar Etiqueta
Sin Etiquetas, Sea el primero en etiquetar este registro!
LEADER 00543nam a22001455a 4500
001 MAT.inmabb001373
008 031124s1963####sw############100#0#mul#d
005 20170815153104.0
245 1 0 |a Proceedings of the International Congress of Mathematicians :  |b 15-22 August 1962. 
260 |a Djursholm, Sweden :  |b Institut Mittag-Leffler,  |c [1963] 
300 |a l, 595 p. ;  |c 25 cm. 
510 4 |a MR,  |c 28 #1 
111 2 |a International Congress of Mathematicians  |d (1962 :  |c Estocolmo, Suecia) 
084 |a 00B20  |2 msc2000 
859 |h 00B20  |i In61-1962  |p A-1617  |b BIB. MATEMATICA